Análisis de regresión para el cálculo del caudal máximo anual, con diferentes probabilidades de excedencia
Guardado en:
| Autor principal: | |
|---|---|
| Formato: | Libro |
| Lenguaje: | Undetermined |
| Publicado: |
[San José, Costa Rica]
2004
|
| Materias: | |
| Etiquetas: |
Agregar Etiqueta
Sin Etiquetas, Sea el primero en etiquetar este registro!
|
MARC
| LEADER | 00000nam a2200000Ia 4500 | ||
|---|---|---|---|
| 003 | 009296 | ||
| 005 | 20221231144140.0 | ||
| 008 | 140114s2004 cr a m 000 ||und d | ||
| 040 | |c cru CEDI | ||
| 090 | |a TFG 4832 | ||
| 100 | |a Rojas Morales, Nazareth |9 6587 | ||
| 245 | |a Análisis de regresión para el cálculo del caudal máximo anual, con diferentes probabilidades de excedencia | ||
| 260 | |c 2004 |a [San José, Costa Rica] | ||
| 300 | |a vi, 99, [65] hojas : ilustraciones, mapas color | ||
| 500 | |a Proyecto de graduación (licenciatura en ingeniería agrícola)--Universidad de Costa Rica, Facultad de Ingeniería, Escuela de Ingeniería Agrícola | ||
| 650 | |x CUENCAS HIDROGRAFICAS |x ANALISIS DE REGRESION |x RIOS |x MEDICIONES |x ESTACIONES HIDROLOGICAS |x REGION DEL PACIFICO NOROESTE (COSTA RICA) |9 6588 | ||
| 942 | |c TFG | ||
| 999 | |c 17601 |d 17601 | ||
